00314nam a22000977a 4500008004100000082001300041245007100054260004700125300001000172710003400182230606b xxu||||| |||| 00| 0 eng d a342bCON aConstitutional Court Decisions 2011cConstitutional Court Of Korea aKoreabConstitutional Court Of Koreac2011 a332 p bConstitutional Court Of Korea